000 00304nam a2200145 i 4500
001 bg
100 1 _aPAUL, R.
245 0 _aTransistoren /
_cR. Paul.
250 _a2 Auflage.
260 _aBerlin,
_c1969.
040 _cBPK
041 _apol
942 _cKS
008 s pl f |000 0 pol
999 _c8760
_d8760
856 _uhttp://koha.tu.koszalin.pl/cgi-bin/koha/opac-detail.pl?biblionumber=8760
_yKatalog online BPK